Logo CIB grande

QUIMICA : LA CIENCIA CENTRAL (Registro nro. 193310)

Detalles MARC
000 -LEADER
campo de control de longitud fija 01085nam a2200337Ia 4500
005 - FECHA Y HORA DE LA ÚLTIMA TRANSACCIÓN
campo de control 20250425160639.0
008 - DATOS DE LONGITUD FIJA--INFORMACIÓN GENERAL
campo de control de longitud fija 250425s9999 xx 000 0 und d
020 ## - NÚMERO INTERNACIONAL ESTÁNDAR DEL LIBRO
Número Internacional Estándar del Libro 9701701690
041 ## - CÓDIGO DE IDIOMA
Código de lengua del texto/banda sonora o título independiente spa
082 ## - NÚMERO DE LA CLASIFICACIÓN DECIMAL DEWEY
Número de clasificación 540
010 ## - NÚMERO DE CONTROL DE LA BIBLIOTECA DEL CONGRESO
Número de control de LC 1145
100 ## - ENTRADA PRINCIPAL--NOMBRE DE PERSONA
Nombre de persona BROWN, THEODORE L.
245 #0 - MENCIÓN DEL TÍTULO
Título QUIMICA : LA CIENCIA CENTRAL
250 ## - MENCION DE EDICION
Mención de edición 7A ED.
260 ## - PUBLICACIÓN, DISTRIBUCIÓN, ETC.
Lugar de publicación, distribución, etc. MEXICO
260 ## - PUBLICACIÓN, DISTRIBUCIÓN, ETC.
Lugar de publicación, distribución, etc. México
Nombre del editor, distribuidor, etc. PRENTICE-HALL
Fecha de publicación, distribución, etc. 1998
300 ## - DESCRIPCIÓN FÍSICA
Extensión 1178
500 ## - NOTA GENERAL
Nota general CONSULTAR inv.31996, 39046, 39047 EN BIBTEC. 17/AGO/00 inv. 15888 C.4, inv.35849 a 35859 c.35 a c.45, Inv. 35860 a 35870 c. 46 a c. 56 6/SEP/00, D-22872-D-22874 c.64-c.66. INV.40849, 40850 c.67-c.68 26 FEB/02.INV. 41151-41152 c..69-c.70 CIB ESPOL
500 ## - NOTA GENERAL
Nota general Título Traducido: CHEMISTRY: THE CENTRAL SCIENCE
650 ## - PUNTO DE ACCESO ADICIONAL DE MATERIA--TÉRMINO DE MATERIA
Término de materia o nombre geográfico como elemento de entrada CINETICA QUIMICA
650 ## - PUNTO DE ACCESO ADICIONAL DE MATERIA--TÉRMINO DE MATERIA
Término de materia o nombre geográfico como elemento de entrada CINETICA QUIMICA
650 ## - PUNTO DE ACCESO ADICIONAL DE MATERIA--TÉRMINO DE MATERIA
Término de materia o nombre geográfico como elemento de entrada EQUILIBRIO QUIMICO
650 ## - PUNTO DE ACCESO ADICIONAL DE MATERIA--TÉRMINO DE MATERIA
Término de materia o nombre geográfico como elemento de entrada EQUILIBRIO QUIMICO
650 ## - PUNTO DE ACCESO ADICIONAL DE MATERIA--TÉRMINO DE MATERIA
Término de materia o nombre geográfico como elemento de entrada QUIMICA
650 ## - PUNTO DE ACCESO ADICIONAL DE MATERIA--TÉRMINO DE MATERIA
Término de materia o nombre geográfico como elemento de entrada QUIMICA
650 ## - PUNTO DE ACCESO ADICIONAL DE MATERIA--TÉRMINO DE MATERIA
Término de materia o nombre geográfico como elemento de entrada TERMOQUIMICA
650 ## - PUNTO DE ACCESO ADICIONAL DE MATERIA--TÉRMINO DE MATERIA
Término de materia o nombre geográfico como elemento de entrada TERMOQUIMICA
700 ## - ENTRADA AGREGADA--NOMBRE PERSONAL
Nombre de persona BURSTEN, BRUCE E.
700 ## - ENTRADA AGREGADA--NOMBRE PERSONAL
Nombre de persona LEMAY, H. EUGENE
942 ## - ELEMENTOS DE ENTRADA SECUNDARIOS (KOHA)
Tipo de ítem Koha Libros
Existencias
Estatus retirado Estado de pérdida Estado de daño No para préstamo Biblioteca de origen Biblioteca actual Ubicación en estantería Fecha de adquisición Coste, precio normal de compra Etiqueta RFID Total de préstamos Código de barras Visto por última vez Fecha del último préstamo Copia número Tipo de ítem Koha
        CENTRO DE INFORMACIÓN BIBLIOTECARIA CENTRO DE INFORMACIÓN BIBLIOTECARIA   16/12/2003 8.00 0000000000000000034345 1 D-22872 01/09/2025 27/08/2025 41 Libros
        CENTRO DE INFORMACIÓN BIBLIOTECARIA CENTRO DE INFORMACIÓN BIBLIOTECARIA   15/06/2017 10.00 0000000000000000010662   D-108054     44  
        CENTRO DE INFORMACIÓN BIBLIOTECARIA CENTRO DE INFORMACIÓN BIBLIOTECARIA   15/09/2004 27.00 0000000000000000010658   33355     6 Libros

Copyright 2025 ESPOL. Todos los derechos reservados.